000 00519nam a2200181Ia 4500
008 090123s9999 xx 000 0 und d
082 _b7576
_a891.463/भागव
100 _aभागवत यशवंत
245 _aमध्यस्थ
250 _a1
260 _bजनसेवा प्रेस
300 _a203
600 _aभागवत यशवंत
630 _aमध्यस्थ
700 _aभागवत यशवंत
730 _aमध्यस्थ
942 _cBOOK
999 _c45642
_d45642